Advanced electronic circuit design / (Record no. 178606)
[ view plain ]
| 000 -LEADER | |
|---|---|
| fixed length control field | 01294 a2200241 4500 |
| 003 - CONTROL NUMBER IDENTIFIER | |
| control field | Nust |
| 005 - DATE AND TIME OF LATEST TRANSACTION | |
| control field | 20221118183913.0 |
| 010 ## - LIBRARY OF CONGRESS CONTROL NUMBER | |
| LC control number | 2003535427 |
| 020 ## - INTERNATIONAL STANDARD BOOK NUMBER | |
| International Standard Book Number | 0471228281 |
| 035 ## - SYSTEM CONTROL NUMBER | |
| System control number | (OCoLC)ocm51585685 |
| 040 ## - CATALOGING SOURCE | |
| Transcribing agency | Nust |
| 082 00 - DEWEY DECIMAL CLASSIFICATION NUMBER | |
| Classification number | 621.381,COM |
| 100 1# - MAIN ENTRY--PERSONAL NAME | |
| Personal name | Comer, David J. |
| 9 (RLIN) | 56844 |
| 245 10 - TITLE STATEMENT | |
| Title | Advanced electronic circuit design / |
| Statement of responsibility, etc. | David J. Comer, Donald T. Comer. |
| 260 ## - PUBLICATION, DISTRIBUTION, ETC. | |
| Place of publication, distribution, etc. | [New York, NY] : |
| Name of publisher, distributor, etc. | John Wiley & Sons, |
| Date of publication, distribution, etc. | c2003. |
| 300 ## - PHYSICAL DESCRIPTION | |
| Extent | xi, 506 p. : |
| Other physical details | ill. ; |
| Dimensions | 26 cm. |
| 505 ## - FORMATTED CONTENTS NOTE | |
| Formatted contents note | Introduction and review (Page-2), Fundamentals power Amplifiers (Page-58), Advanced Power Amplifiers (Page-107), Wide band amplifiers (Page-138), Narrow band Amplifiers (Page-168), Sinusoidal Oscillators (Page-208), Basic Concepts in communications (Page-236), Amplitude Modulation circuits (Page-277), Angle Modulation (Page-325), Mixed single Interface Circuits (Page-356), Basic Concepts in Filter Design (Page-391), Active Synthesis (Page-435), Present and future Direction in electronics (Page-490). |
| 650 #0 - SUBJECT ADDED ENTRY--TOPICAL TERM | |
| Topical term or geographic name entry element | Electronic circuit design. |
| 700 1# - ADDED ENTRY--PERSONAL NAME | |
| Personal name | Comer, Donald. |
| 9 (RLIN) | 103113 |
| 856 42 - ELECTRONIC LOCATION AND ACCESS | |
| Materials specified | Publisher description |
| Uniform Resource Identifier | <a href="http://www.loc.gov/catdir/description/wiley037/2003535427.html">http://www.loc.gov/catdir/description/wiley037/2003535427.html</a> |
| 856 42 - ELECTRONIC LOCATION AND ACCESS | |
| Materials specified | Table of contents |
| Uniform Resource Identifier | <a href="http://www.loc.gov/catdir/toc/wiley032/2003535427.html">http://www.loc.gov/catdir/toc/wiley032/2003535427.html</a> |
| 942 ## - ADDED ENTRY ELEMENTS (KOHA) | |
| Source of classification or shelving scheme | |
| Koha item type | Book |
| Withdrawn status | Lost status | Source of classification or shelving scheme | Damaged status | Not for loan | Permanent Location | Current Location | Shelving location | Date acquired | Full call number | Barcode | Date last seen | Price effective from | Koha item type | Public note |
|---|---|---|---|---|---|---|---|---|---|---|---|---|---|---|
| Military College of Signals (MCS) | Military College of Signals (MCS) | General Stacks | 12/12/2016 | 621.381,COM | MCS31557 | 12/08/2016 | 12/12/2016 | Book | Almirah No.31, Shelf No.1 |
